000
00289nam a22001217a 4500
003
OSt
005
20170105105202.0
008
140910b xxu||||| |||| 00| 0 eng d
040
_b
english
050
_a
005.1
_b
35000
245
_a
introduction to bibliography
_c
kumar, krishan
942
_2
ddc
_c
BK
999
_c
24722
_d
24722